| 000 | 00383nam a22001577a 4500 | ||
|---|---|---|---|
| 020 | _a9789381626719 | ||
| 082 |
_a158.1 _bRAS/S |
||
| 100 | _aRashmi Bansal | ||
| 245 |
_aStay hungry stay foolish/ _cby Rashmi Bansal. |
||
| 260 |
_aChennai: _bWestland, _c2012. |
||
| 300 | _a363p. | ||
| 650 | _aPersonality Development | ||
| 650 | _aPhilosophy | ||
| 650 | _aPsychology | ||
| 942 | _cBK | ||
| 999 |
_c57642 _d57642 |
||